| 000 | 00480nam a2200181Ia 4500 | ||
|---|---|---|---|
| 008 | 170705s9999 xx 000 0 und d | ||
| 020 | _a9780545443647 | ||
| 245 | _aMy name is not Alexander : | ||
| 245 | _bjust how big can a little kid dream? / | ||
| 245 | _cJennifer Johnston ; pictures by Mike Litwin. | ||
| 260 | _aNew York : | ||
| 260 | _bScholastic, | ||
| 260 | _c2011 | ||
| 300 | _aunpaged : | ||
| 300 | _bcolor illustration ; | ||
| 300 | _c22cm. | ||
| 500 | _a570 | ||
| 999 |
_c335984 _d335984 |
||